000
00229nam a22000857a 4500
008
160718b xxu||||| |||| 00| 0 eng d
100
_9
3005
_a
Brien, D
245
_a
G.K - History and Geography
260
_a
Sydney
_b
Reader's Digest
_c
2004
999
_c
2568
_d
2568